1386 1286 1631 1489 1800 1953 1324 1622 1396 1671 1841 1041 1990 1050 1116 2000 1793 1352 1205 1866 1569 1447 1043 1179 1222 1842 1630 1684 1848 1634 1942 1467 1920 1157 1661 1129 1842 1124 1645 1325 1154 1931 1049 1403 1348 1863 1671 1024 1149 1715 1205 1039 1421 1933 1468 1933 1425 1406 1478 1373 1847 1116 1566 1107 1322 1524 1667 1575 1728 1153 1766 1818 1950 1666 1033 1254 1274 1398 1511 1555 1328 1361 1643 1082 1443 1566 1322 1400 1608 1700 1104 1523 1325 1219 1427 1670 1853 1750 1968 BCNSPRNW ULIB Ver.6.0+V

เปลี่ยนเป็นภาษาไทย

Change to English
 แสดงรายละเอียดบรรณานุกรม
  กลับหน้าหลัก

Brief Record : Get Marc (ISO 2709) : E-mail record : QR code < ปิดหน้าต่าง
LEADER : 00000nam 2200000uu 4500
001    13399113269
003     ULIB
008    111005s2551||||th 000 0 tha d
020    9789740581253
050  4 TK105.5^bบ226ค 2551
245 00 คู่มือการสร้างหนังสือ e-book /^cบริษัท โอเพ่นเซิร์ฟ(ประเทศไทย) จำกัด ; กรรณิการ์ จินดารัตน์ ... [และคนอื่นๆ]
250    พิมพ์ครั้งที่ 1
260    กรุงเทพฯ :^bโซลูชั่น คอนเนอร์ (1988),^c2551
300    vii, 176, v หน้า :^bภาพประกอบ ;^c23 ซม.
650  4 หนังสืออิเล็กทรอนิกส์
650  4 ไอเลิฟไลบรารี (โปรแกรมคอมพิวเตอร์)
700 0  กรรณิการ์ จินดารัตน์,^eบรรณาธิการ
710 2  บริษัทโอเพ่นเซิร์ฟ (ประเทศไทย)
945    ^p195^l0^i025984
945    ^p195^l0^i025985
995    ทศพร
999 ^a ทศพร
รายการนี้ยังไม่มีแท็ก
คุณยังไม่ได้ล็อกอิน คุณสามารถมีกิจกรรมร่วมกับเว็บไซต์ได้ แต่ต้องล็อกอินก่อน ::
  ล็อกอิน

รายการสื่อสารสนเทศ

ลำดับที่ ประเภท เลขเรียก/บาร์โค้ด สถานที่ สถานะ
- ไม่พบข้อมูล -

รายการใกล้เคียง
    หัวเรื่อง [หนังสืออิเล็กทรอนิกส์]
    หัวเรื่อง [ไอเลิฟไลบรารี (โปรแกรมคอมพิวเตอร์)]

BibComment


ยังไม่เคยถูกคอมเมนท์

คอมเมนท์ทรัพยากรรายการนี้
  คอมเมนท์: คู่มือการสร้างหนั..


 Copyright 2026. Bcnsprnw @Library